Storymoja CareerPedia (Record no. 3437)

MARC details
000 -LEADER
fixed length control field 00459nam a22001697a 4500
003 - CONTROL NUMBER IDENTIFIER
control field OSt
005 - DATE AND TIME OF LATEST TRANSACTION
control field 20260410083704.0
008 - FIXED-LENGTH DATA ELEMENTS--GENERAL INFORMATION
fixed length control field 251210b |||||||| |||| 00| 0 eng d
020 ## - INTERNATIONAL STANDARD BOOK NUMBER
International Standard Book Number 9789966066176
040 ## - CATALOGING SOURCE
Transcribing agency Outspan Global University
050 ## - LIBRARY OF CONGRESS CALL NUMBER
Classification number HF5382
Item number .C37 2015
100 ## - MAIN ENTRY--PERSONAL NAME
Personal name Odera Monity
245 ## - TITLE STATEMENT
Title Storymoja CareerPedia
Statement of responsibility, etc. by Monity Odero
Remainder of title Plan Your Future
260 ## - PUBLICATION, DISTRIBUTION, ETC.
Place of publication, distribution, etc. Kenya:
Name of publisher, distributor, etc. Storymoja Imprint,
Date of publication, distribution, etc. c2015.
300 ## - PHYSICAL DESCRIPTION
Extent 647p
942 ## - ADDED ENTRY ELEMENTS (KOHA)
Source of classification or shelving scheme Library of Congress Classification
Koha item type Books
Suppress in OPAC No
Holdings
Withdrawn status Lost status Source of classification or shelving scheme Damaged status Not for loan Home library Current library Shelving location Date acquired Total checkouts Full call number Barcode Date last seen Price effective from Koha item type
    Library of Congress Classification     Main Campus 3rd Floor Main Library General stacks 12/10/2025   HF5382 .C37VOL2 2015 102353 12/10/2025 12/10/2025 Books
    Library of Congress Classification     Main Campus 3rd Floor Main Library General stacks 12/10/2025   HF5382 .C37VOL1 2015 102354 01/22/2026 12/10/2025 Books